ALİS HARİKALAR DİYARINDA (Record no. 786321)

MARC details
000 -LEADER
sabit uzunluktaki kontrol alanı 00259nam a2200097Ia 4500
001 - KONTROL NUMARASI
kontrol alanı 786321
005 - EN SON İŞLEMİN TARİH VE ZAMANI
kontrol alanı 20250826170318.0
008 - SABİT-UZUNLUKTA VERİ ÖĞELERİ--GENEL BİLGİ
sabit uzunluktaki kontrol alanı 250824s9999 xx 000 0 und d
245 #0 - ESER / YAZAR
ESER ADI ALİS HARİKALAR DİYARINDA
Yazar Adı LEWIS CARROLL
260 ## - YAYIN, DAĞITIM, VB.
YAYIN EVİ ALTIN KİTAPLAR YAYINLARI
Holdings
Düşüm durumu Kayıp durumu Hasar Durumu Ödünç verilmez Ana kütüphane Geçerli Kütüphane Edinilen tarih Toplam ödünç verme sayısı Barkod Son görüntüleme tarihi Fiyatın geçerli olmaya başladığı tarih Koha materyal türü
        HOCACİHAN ORTAOKULU HOCACİHAN ORTAOKULU 24.08.2025   10513317 26.08.2025 26.08.2025 Books